000 00306nam a2200109 4500
999 _c10064
_d10064
008 180730b ||||| |||| 00| 0 eng d
245 _aWho: mosquito spraying may not stop Zika.
260 _aPhilippines
_bThe Philippine Star
_cc2016
300 _apage A-21.
650 0 _929722
_aViruses.
942 _2ddc
_cPER